Kreis Warendorf - Gemeinden - Statistiken

Allgemein
  • Dieses Quiz wurde 126 mal gespielt
  • Das Durchschnittsergebnis liegt bei 10 aus 13
Antwortstatistiken
Antwort % Korrekt
Warendorf
100%
Ahlen
88%
Beckum
85%
Oelde
85%
Telgte
80%
Ennigerloh
76%
Sassenberg
76%
Beelen
71%
Everswinkel
63%
Ostbevern
63%
Drensteinfurt
61%
Sendenhorst
59%
Wadersloh
56%
Keine übereinstimmenden Quizze gefunden
Verteilung der Resultate
Anzahl Personen mit jedem Resultat
Perzentil nach korrekt beantworteten Fragen
Ihre Resultats-Entwicklung
Sie haben dieses Quiz noch nicht gespielt